Представление документа в формате RUSMARC

ПолеНазваниеЗначение
  Тип записи i
  Библиографический уровень m
001 Контрольный номер RU/SLIB/B/254932447
005 Дата корректировки 20250218111116.4
010 Индекс ISBN __
d Цена 128-00; 198-44; 120-00
101 Язык документа 0_
a Язык текста rus
c Язык оригинала rus
200 Заглавие и сведения об ответственности 1_
a Заглавие Доходное место ; Свои люди - сочтемся! ; Бедность не порок...
e Сведения, относящиеся к заглавию [пьесы : аудиокнига]
f Первые сведения об ответственности А. Н. Осторовский ; читает Владимир Самойлов
b Общее обозначение материала Звукозапись
210 Выходные данные 1_
a Место издания М.
c Издательство АРДИС
d Дата издания 2006
215 Физическое описание __
a Объем 1 электрон. опт. диск (Audio CD) (11 ч. 02 мин.)
225 Серия 2_
a Серия Литературные чтения
300 Общие примечания __
a Общие примечания MPEGI Layer-3 (MP3) ; 128 Kbps ; 16 bit ; 44.1 kHz ; mono ; AudioCD
323 Примечание о главных создателях, исполнителях, участниках __
a Примечание о главных создателях, исполнителях, участниках Самойлов, В. (читает)
327 Примечание о содержании 0_
a Примечание о содержании Свои люди - сочтемся!
327 Примечание о содержании 0_
a Примечание о содержании Бедность не порок
327 Примечание о содержании 0_
a Примечание о содержании Лес
330 Аннотация __
a Аннотация Включены самые известные пьесы драматурга, написанные в период 1870-1884 гг.
333 Примечание о целевом назначении __
a Примечание о целевом назначении 16+. Для детей старше 16 лет
517 Другие варианты заглавия 1_
a Другие варианты заглавия Свои люди - сочтемся!
517 Другие варианты заглавия 1_
a Другие варианты заглавия Бедность не порок...
517 Другие варианты заглавия 1_
a Другие варианты заглавия Лес
606 Тематические рубрики __
a Основная рубрика Художественная литература
606 Тематические рубрики __
a Основная рубрика Русская литература XIX в. (произведения)
610 Ключевые слова 0_
a Ключевые слова русская драматургия; драматические произведения; пьесы; тема власти; тема самодурства; тема алчности; тема беззакония; тема чиновничества; тема глупости; тема народной жизни; тема правды; тема семьи; тема взаимоотношений; тема быта
686 Индексы других классификаций __
a Классификационный индекс 84(2=411.2)52-6я04; ст84(2Рос=Рус)1-6я04
700 Автор _1
a Фамилия Островский
b Имя А. Н.
f Даты 1823-1886
g Полное личное имя Александр Николаевич
4 Код отношения 070
801 Источник записи _0
a Страна RU
b Организация Муниципальное бюджетное учреждение культуры "Централизованная библиотечная система" г. Сургут (Центральная городская библиотека им. А. С. Пушкина)
g Правила каталогизации КиК/Дорошева; КиК/Поспелова
801 Источник записи _1
a Страна RU
b Организация Муниципальное бюджетное учреждение культуры "Централизованная библиотечная система" г. Сургут (Центральная городская библиотека им. А. С. Пушкина)
g Правила каталогизации КиК/Дорошева; КиК/Поспелова
852 Данные о местонахождении __
j Шифр хранения 84(2=411.2)52-6я04
c Каталожный индекс 84(2Рос=Рус)1-6я04
i Авторский знак О-77
901 Тип документа __
t Тип документа 0
903 Характеристики (МАРС) __
a Дата передачи 20100224; 20081028; 20080212
969 Тип издания __
a Тип издания аудиокнига; сборник
990 Данные о заказе (DOS) __
j Количество экземпляров (DOS) 1; 6; 1
h N записи в КСУ для Б/У (DOS) 201003; 200811; 200802